00936nam a2200181 a 450000100100000000500170001000800410002704000250006808200150009311000330010824501690014126000450031030000200035504900090037595201750038495201780055999900170073700003226720200930063554.0110406s1915 dr ac 000 0 spa d aDO-SdBNPbspacBNPHU axxxbR426m1 aRepública Dominicna95831010aMensaje que el ciudadano presidente de la República Señor Don juan Isidro Jimenes, dirije al Hon. Congreso Nacional al abrirse la Legislatura Ordinaria de 1915. aSanto Domingo :bListín Diario,c1915. a20 p. ;c28 cm. aBNPD 001050718RVaPDbPDcHDd2011-07-13iLF1l0oxxx R426mp32267-10r2020-06-25w2020-06-25y1zPerteneció a la biblioteca personal de Julio Ortega Frier.ZNo se presta 001050718RVaPDbPDcCTd2011-11-07iLF1l0oxxx R426mp32267-20r2020-06-25te. 2w2020-06-25y1zPerteneció a la biblioteca personal de Martínez Boog.ZNo se presta c31758d31758